[Event "POL-chT Academic"]
[Site "Chorzow"]
[Date "2022.04.02"]
[Round "2.7"]
[White "Brzezinski, Mateusz"]
[Black "Pacan Milej, Kosma"]
[Result "1-0"]
[WhiteElo "2091"]
[BlackElo "2145"]
[PlyCount "93"]
[EventDate "2022.04.02"]
[EventType "team-swiss (rapid)"]
[EventRounds "9"]
[EventCountry "POL"]
[SourceTitle "EXT 2024"]
[Source "ChessBase"]
[SourceDate "2023.10.10"]
[SourceVersion "1"]
[SourceVersionDate "2023.10.10"]
[SourceQuality "1"]

1. d4 Nf6 2. c4 g6 3. Nc3 Bg7 4. e4 d6 5. h3 0-0 6. Be3 e5 7. d5 Na6 8. g4 Nc5 9. f3 a5 10. Nge2 c6 11. Qd2 cxd5 12. cxd5 a4 13. Ng3 Bd7 14. Rc1 Qa5 15. Nb1 Qxd2+ 16. Nxd2 a3 17. b3 Na6 18. Nc4 Nb4 19. Rh2 Nfxd5 20. exd5 Nxd5 21. Bd2 Bc6 22. Na5 Rfc8 23. Nxc6 bxc6 24. Ne4 Bf8 25. Bc4 Nb6 26. Bd3 d5 27. Nc5 Re8 28. Re2 Bg7 29. Bb1 Re7 30. Nd3 Rc8 31. Bb4 Ree8 32. Bxa3 f5 33. Bc5 Nd7 34. Bf2 e4 35. fxe4 fxe4 36. Nc5 Ne5 37. Kf1 Nf3 38. Kg2 Bh6 39. Rd1 Rf8 40. Nxe4 dxe4 41. Bxe4 Ng5 42. Bd3 Bg7 43. Bc4+ Kh8 44. Rd7 Nf3 45. Ree7 Ne5 46. Rxg7 Nxd7 47. Rxd7 1-0

[Event "POL-ch Academic"]
[Site "Chorzow"]
[Date "2022.04.02"]
[Round "6"]
[White "Janik, Igor"]
[Black "Brzezinski, Mateusz"]
[Result "1-0"]
[WhiteElo "2386"]
[BlackElo "2091"]
[PlyCount "91"]
[EventDate "2022.04.01"]
[EventType "swiss (rapid)"]
[EventRounds "9"]
[EventCountry "POL"]
[SourceTitle "EXT 2024"]
[Source "ChessBase"]
[SourceDate "2023.10.10"]
[SourceVersion "1"]
[SourceVersionDate "2023.10.10"]
[SourceQuality "1"]

1. e4 c6 2. Nf3 d5 3. d3 dxe4 4. dxe4 Qxd1+ 5. Kxd1 Bg4 6. Be2 h5 7. Ne1 Bxe2+ 8. Kxe2 Nf6 9. f3 Na6 10. Nd3 Nd7 11. Be3 e6 12. a4 Nb4 13. Nxb4 Bxb4 14. Rd1 Ke7 15. Na3 Rhd8 16. Nc4 b6 17. c3 Bc5 18. Bf4 a5 19. Rd3 f6 20. e5 Ra7 21. Rad1 b5 22. Nd6 bxa4 23. Ne4 Bb6 24. exf6+ gxf6 25. Bd6+ Kf7 26. Ba3 c5 27. Nxc5 Bxc5 28. Bxc5 Rb7 29. Ba3 Ke8 30. Rd6 Rb6 31. R6d4 Rb7 32. Rxa4 Ra8 33. Rh4 Rb5 34. g4 Ne5 35. Rxh5 Kf7 36. Rd7+ Nxd7 37. Rxb5 Rh8 38. Rxa5 Rxh2+ 39. Ke3 Ne5 40. Ra7+ Kg6 41. Bf8 Rh3 42. Rg7+ Kh6 43. Ke4 Nxf3 44. Kf4 Ne5 45. g5+ Kh5 46. Rh7+ 1-0

[Event "POL-ch Ekstraliga-A Rapid"]
[Site "Bydgoszcz"]
[Date "2022.03.12"]
[Round "8.2"]
[White "Janik, Igor"]
[Black "Brzezinski, Mateusz"]
[Result "1-0"]
[WhiteElo "2525"]
[BlackElo "2187"]
[PlyCount "121"]
[EventDate "2022.03.11"]
[EventType "team-tourn (rapid)"]
[EventRounds "10"]
[EventCountry "POL"]
[SourceTitle "CBM 207 Extra"]
[Source "ChessBase"]
[SourceDate "2022.05.31"]
[SourceVersion "1"]
[SourceVersionDate "2022.05.31"]
[SourceQuality "1"]
[WhiteTeam "Katowice Wasko"]
[BlackTeam "Bydgoszcz Hetman"]
[WhiteTeamCountry "POL"]
[BlackTeamCountry "POL"]

1. e4 c5 2. Nf3 Nc6 3. Bb5 e6 4. Bxc6 bxc6 5. 0-0 Ne7 6. Re1 d5 7. d3 Ng6 8. c4 Be7 9. Nc3 0-0 10. b3 Bf6 11. Bb2 Qc7 12. Qc2 Rd8 13. Rad1 Bxc3 14. Qxc3 d4 15. Qc2 e5 16. h3 Nf4 17. Bc1 Ne6 18. Ng5 Nf8 19. f4 f6 20. Nf3 exf4 21. e5 Ng6 22. exf6 gxf6 23. Qf2 Qg7 24. Kh2 Bd7 25. Nd2 Bf5 26. Ne4 Bxe4 27. Rxe4 f5 28. Re6 Qd7 29. Rde1 Re8 30. Rxe8+ Rxe8 31. Rxe8+ Qxe8 32. Bxf4 Qe6 33. h4 Kf7 34. Qf3 Nf8 35. Qh5+ Qg6 36. Qxg6+ hxg6 37. Bd6 Nd7 38. Kg3 Ke6 39. Bc7 Kf6 40. Kf4 Nf8 41. Bd8+ Kf7 42. Ke5 Ke8 43. Bg5 Kf7 44. Kd6 Ne6 45. g3 Ng7 46. Kxc5 Ke6 47. Kxd4 Nh5 48. Bf4 Nf6 49. Bb8 Nh5 50. Kc5 Kd7 51. d4 Nf6 52. d5 cxd5 53. cxd5 a6 54. Bf4 Ne4+ 55. Kd4 Nf2 56. b4 Ne4 57. a4 Nf6 58. b5 axb5 59. axb5 Nh5 60. Ke5 Ng7 61. Kf6 1-0

[Event "POL-ch Ekstraliga-A Rapid"]
[Site "Bydgoszcz"]
[Date "2022.03.11"]
[Round "5.2"]
[White "Brzezinski, Mateusz"]
[Black "Kuzmicz, Krystian"]
[Result "0-1"]
[WhiteElo "2187"]
[BlackElo "2469"]
[PlyCount "44"]
[EventDate "2022.03.11"]
[EventType "team-tourn (rapid)"]
[EventRounds "10"]
[EventCountry "POL"]
[SourceTitle "CBM 207 Extra"]
[Source "ChessBase"]
[SourceDate "2022.05.31"]
[SourceVersion "1"]
[SourceVersionDate "2022.05.31"]
[SourceQuality "1"]
[WhiteTeam "Bydgoszcz Hetman"]
[BlackTeam "Wisznia Mala Bialy Krol"]
[WhiteTeamCountry "POL"]
[BlackTeamCountry "POL"]

1. d4 g6 2. c4 Bg7 3. Nf3 c5 4. d5 d6 5. Qc2 e6 6. Nc3 Ne7 7. e4 0-0 8. Bd3 a6 9. a4 exd5 10. exd5 Bg4 11. Nd2 Nf5 12. Bxf5 Bxf5 13. Nce4 Re8 14. 0-0 Qh4 15. Re1 Nd7 16. Ra3 Bd4 17. g3 Bxf2+ 18. Kf1 Qh3+ 19. Kxf2 Qxh2+ 20. Kf3 Ne5+ 21. Ke3 Ng4+ 22. Kf3 Rxe4 0-1

[Event "EU-ch Blitz"]
[Site "Katowice"]
[Date "2021.12.17"]
[Round "13"]
[White "Brzezinski, Mateusz"]
[Black "Jaskolka, Tomasz"]
[Result "1-0"]
[WhiteElo "2187"]
[BlackElo "2193"]
[PlyCount "121"]
[EventDate "2021.12.17"]
[EventType "swiss (blitz)"]
[EventRounds "22"]
[EventCountry "POL"]
[SourceTitle "CBM 205 Extra"]
[Source "ChessBase"]
[SourceDate "2022.01.31"]
[SourceVersion "1"]
[SourceVersionDate "2022.01.31"]
[SourceQuality "1"]

1. c4 e6 2. Nc3 f5 3. g3 Nf6 4. Bg2 Be7 5. e3 0-0 6. Nge2 d6 7. d3 e5 8. 0-0 Qe8 9. Nd5 Bd8 10. Nec3 c6 11. Nxf6+ Bxf6 12. d4 Na6 13. b3 f4 14. Ne4 fxg3 15. fxg3 Qe7 16. Bb2 Be6 17. d5 cxd5 18. cxd5 Bd7 19. Ba3 Nc5 20. Bxc5 dxc5 21. d6 Qe8 22. Nxc5 Bc6 23. Rc1 Bxg2 24. Kxg2 Qc6+ 25. Qf3 Qxd6 26. Rfd1 Qe7 27. Qxb7 Qxb7+ 28. Nxb7 Rac8 29. Nd6 Rxc1 30. Rxc1 Rd8 31. Ne4 Rd7 32. Kf3 Kf7 33. Ke2 Rb7 34. Rc6 Ke7 35. Ra6 h6 36. Nc3 Rd7 37. e4 Bg5 38. Nd5+ Kf7 39. b4 Bc1 40. a4 Ba3 41. Rc6 Bb2 42. b5 Bd4 43. Rc7 Ke6 44. Rxd7 Kxd7 45. Kd3 Kd6 46. Kc4 h5 47. h3 g5 48. g4 hxg4 49. hxg4 Bf2 50. Nb4 Bg1 51. Nc6 Bf2 52. Nd8 Ke7 53. Nb7 Ke6 54. a5 Bg1 55. Nc5+ Kd6 56. Nd3 Be3 57. Nb4 Bf2 58. Nd5 Bg1 59. a6 Kd7 60. b6 axb6 61. Kb5 1-0

[Event "Bydgoszcz PGNiG Rapid"]
[Site "Bydgoszcz"]
[Date "2021.09.18"]
[Round "9"]
[White "Brzezinski, Mateusz"]
[Black "Fus, Jakub"]
[Result "0-1"]
[WhiteElo "2189"]
[BlackElo "2376"]
[PlyCount "94"]
[EventDate "2021.09.18"]
[EventType "swiss (rapid)"]
[EventRounds "9"]
[EventCountry "POL"]
[SourceTitle "CBM 204 Extra"]
[Source "ChessBase"]
[SourceDate "2021.11.30"]
[SourceVersion "1"]
[SourceVersionDate "2021.11.30"]
[SourceQuality "1"]

1. d4 Nf6 2. c4 e6 3. Nc3 Bb4 4. Nf3 d5 5. Bg5 Nbd7 6. e3 c5 7. cxd5 exd5 8. Bd3 Qa5 9. 0-0 c4 10. Bf5 Bxc3 11. bxc3 0-0 12. Qc2 g6 13. Bxd7 Nxd7 14. Rfe1 f5 15. Rab1 Qc7 16. Bf4 Qc6 17. Qb2 Nf6 18. Qb5 Qxb5 19. Rxb5 b6 20. Ne5 Ba6 21. Rb2 Ne4 22. Rc1 g5 23. Bg3 Bb7 24. f3 Nf6 25. a4 Ba6 26. Nc6 Rf7 27. a5 b5 28. Nb8 Bb7 29. a6 f4 30. axb7 Rxb8 31. exf4 Rbxb7 32. fxg5 Nh5 33. Be5 Nf4 34. Rcb1 a6 35. Ra2 Rb6 36. Rba1 Nd3 37. Bf6 Ra7 38. h4 b4 39. cxb4 Nxb4 40. Re2 Kf7 41. Rae1 c3 42. Re7+ Rxe7 43. Rxe7+ Kf8 44. Rc7 Rc6 45. Rxc6 Nxc6 46. g6 h6 47. g7+ Kg8 0-1

[Event "POL-chT 2nd League"]
[Site "Sypniewo"]
[Date "2021.09.11"]
[Round "8.6"]
[White "Brzezinski, Mateusz"]
[Black "Klepek, Witold"]
[Result "1-0"]
[WhiteElo "2189"]
[BlackElo "2103"]
[PlyCount "89"]
[EventDate "2021.09.04"]
[EventType "team-swiss"]
[EventRounds "9"]
[EventCountry "POL"]
[SourceTitle "CBM 204 Extra"]
[Source "ChessBase"]
[SourceDate "2021.11.30"]
[SourceVersion "1"]
[SourceVersionDate "2021.11.30"]
[SourceQuality "1"]
[WhiteTeam "Bydgoszcz Hetman"]
[BlackTeam "Gliwice Politechnika Slaska"]
[WhiteTeamCountry "POL"]
[BlackTeamCountry "POL"]

1. d4 d5 2. c4 e6 3. Nf3 Nf6 4. Nc3 Bb4 5. cxd5 exd5 6. Bg5 h6 7. Bh4 0-0 8. e3 Bf5 9. Bd3 Bxd3 10. Qxd3 Nbd7 11. 0-0 c6 12. a3 Bd6 13. b4 a6 14. Na4 Qe8 15. Nc5 Ra7 16. Nd2 b6 17. Nxd7 Nxd7 18. Rfc1 Qe6 19. f4 Rc8 20. f5 Qe8 21. e4 c5 22. e5 Bb8 23. Re1 cxd4 24. e6 Ne5 25. Qxd4 fxe6 26. Bg3 Nc6 27. Qd3 e5 28. Qxd5+ Qf7 29. Qe4 Nd4 30. Bxe5 Bxe5 31. Qxe5 Nc2 32. Rac1 Rac7 33. Rf1 Rc6 34. Qe4 Nxb4 35. Rxc6 Nxc6 36. f6 g6 37. Nc4 Qf8 38. Nd6 Rc7 39. Qxg6+ Kh8 40. f7 Nd8 41. Qf6+ Kh7 42. Qxd8 Qxd8 43. f8Q Qxf8 44. Rxf8 Rc3 45. Rf3 1-0

[Event "POL-chT 2nd League"]
[Site "Sypniewo"]
[Date "2021.09.09"]
[Round "6.4"]
[White "Brzezinski, Mateusz"]
[Black "Stanisz, Patryk"]
[Result "1-0"]
[WhiteElo "2189"]
[BlackElo "2138"]
[PlyCount "81"]
[EventDate "2021.09.04"]
[EventType "team-swiss"]
[EventRounds "9"]
[EventCountry "POL"]
[SourceTitle "CBM 204 Extra"]
[Source "ChessBase"]
[SourceDate "2021.11.30"]
[SourceVersion "1"]
[SourceVersionDate "2021.11.30"]
[SourceQuality "1"]
[WhiteTeam "Bydgoszcz Hetman"]
[BlackTeam "Zory Roszada"]
[WhiteTeamCountry "POL"]
[BlackTeamCountry "POL"]

1. e4 c5 2. Nf3 Nc6 3. d4 cxd4 4. Nxd4 Nf6 5. Nc3 e5 6. Ndb5 d6 7. Bg5 a6 8. Na3 b5 9. Nd5 Qa5+ 10. Bd2 Qd8 11. Bd3 Nxd5 12. exd5 Ne7 13. c4 g6 14. cxb5 Bg7 15. 0-0 0-0 16. Bb4 a5 17. Bc3 Nxd5 18. Be4 Nxc3 19. bxc3 Rb8 20. Qd2 f5 21. Bd5+ Kh8 22. Rfd1 e4 23. Bc6 Qh4 24. Qxd6 Bb7 25. Bxb7 Rxb7 26. Qc6 Rbb8 27. Nc4 e3 28. Nxe3 f4 29. g3 Qh5 30. Nf1 Rxb5 31. Rab1 Rc5 32. Qd6 Rxc3 33. Rb8 Qf5 34. Rd5 Qf7 35. Rxf8+ Bxf8 36. Qe5+ Qg7 37. Qxf4 Ra3 38. Rd7 Qh6 39. Qf6+ Kg8 40. Qf7+ Kh8 41. Rd8 1-0

[Event "POL-chT 2nd League"]
[Site "Sypniewo"]
[Date "2021.09.04"]
[Round "1.6"]
[White "Panek, Bartosz"]
[Black "Brzezinski, Mateusz"]
[Result "1/2-1/2"]
[WhiteElo "2082"]
[BlackElo "2189"]
[PlyCount "100"]
[EventDate "2021.09.04"]
[EventType "team-swiss"]
[EventRounds "9"]
[EventCountry "POL"]
[SourceTitle "CBM 204 Extra"]
[Source "ChessBase"]
[SourceDate "2021.11.30"]
[SourceVersion "1"]
[SourceVersionDate "2021.11.30"]
[SourceQuality "1"]
[WhiteTeam "Rydultowy Ognisko"]
[BlackTeam "Bydgoszcz Hetman"]
[WhiteTeamCountry "POL"]
[BlackTeamCountry "POL"]

1. e4 c6 2. Nc3 d5 3. Nf3 dxe4 4. Nxe4 Bf5 5. Ng3 Bg6 6. h4 h6 7. Ne5 Bh7 8. Qh5 g6 9. Qf3 Nf6 10. Bc4 e6 11. b3 Bg7 12. Bb2 0-0 13. 0-0-0 Nbd7 14. Nxd7 Nxd7 15. Bxg7 Kxg7 16. Ne4 Qe7 17. g4 f5 18. Ng3 Qf6 19. d4 Nb6 20. g5 hxg5 21. hxg5 Qxg5+ 22. Kb1 Nxc4 23. bxc4 Qe7 24. Qc3 Kg8 25. Ne2 Rf7 26. Nf4 g5 27. Nd3 Rg7 28. Rh6 Rf8 29. Rdh1 Rf6 30. R6h2 f4 31. Ne5 g4 32. Nxg4 Rxg4 33. Rxh7 Rg7 34. Rh8+ Kf7 35. Qa5 Rf5 36. Qc3 Rfg5 37. Kb2 Qc7 38. Qb4 c5 39. dxc5 Rxc5 40. R1h5 Qb6 41. Qxb6 axb6 42. Kc3 Ke7 43. Kd4 Kd6 44. R5h7 Rxh7 45. Rxh7 Ra5 46. Rxb7 Kc6 47. Rf7 Kd6 48. Rb7 Kc6 49. Re7 Kd6 50. Rb7 Kc6 1/2-1/2

[Event "POL-chT Academic"]
[Site "Chorzow"]
[Date "2021.05.16"]
[Round "6.13"]
[White "Brzezinski, Mateusz"]
[Black "Kumala, Aleksander"]
[Result "0-1"]
[WhiteElo "2189"]
[BlackElo "2206"]
[PlyCount "310"]
[EventDate "2021.05.15"]
[EventType "team-swiss (rapid)"]
[EventRounds "9"]
[EventCountry "POL"]
[SourceTitle "CBM 202 Extra"]
[Source "ChessBase"]
[SourceDate "2021.07.31"]
[SourceVersion "1"]
[SourceVersionDate "2021.07.31"]
[SourceQuality "1"]
[WhiteTeam "Torun Kopernik Univ"]
[BlackTeam "Gdansk Univ"]
[WhiteTeamCountry "POL"]
[BlackTeamCountry "POL"]

1. c4 b6 2. d4 e6 3. a3 Bb7 4. Nc3 f5 5. d5 Nf6 6. g3 b5 7. Nxb5 exd5 8. cxd5 Bxd5 9. Nf3 c6 10. Nc3 Bxf3 11. exf3 d5 12. Bd3 Qe7+ 13. Kf1 g6 14. Kg2 Qd7 15. Re1+ Kf7 16. Bf4 Bg7 17. Na4 Nh5 18. Bg5 Bf6 19. Bxf6 Nxf6 20. Qb3 Qd6 21. Rac1 Nbd7 22. Qc3 Rac8 23. b4 Rhe8 24. Rxe8 Nxe8 25. Qd4 Rc7 26. Nc5 Nxc5 27. Rxc5 Qf6 28. Qf4 Re7 29. g4 fxg4 30. Qxf6+ Nxf6 31. Rxc6 gxf3+ 32. Kxf3 Nd7 33. Ra6 Ne5+ 34. Ke3 Ng4+ 35. Kf3 Ne5+ 36. Ke3 Ng4+ 37. Kd4 Nxh2 38. Kxd5 Nf3 39. Bb1 Nd2 40. Bc2 Rc7 41. Bd1 h5 42. Bxh5 gxh5 43. Rh6 Rc3 44. Rxh5 Rxa3 45. Rh7+ Kf6 46. Rb7 a5 47. bxa5 Rxa5+ 48. Kd4 Rf5 49. Rb2 Nf3+ 50. Ke3 Ne5 51. Rb6+ Ke7 52. Ke4 Rh5 53. Rb5 Rh4+ 54. f4 Nf7 55. Rb7+ Ke6 56. Kf3 Nd6 57. Ra7 Rh3+ 58. Kg4 Rb3 59. Ra1 Ne4 60. Ra6+ Nd6 61. Ra1 Rb2 62. Re1+ Kf6 63. Ra1 Rb6 64. Ra8 Nf7 65. Ra4 Rb3 66. Ra6+ Kg7 67. Rc6 Nh6+ 68. Kh5 Rh3+ 69. Kg5 Rg3+ 70. Kh5 Rg1 71. Ra6 Nf7 72. Rb6 Nh6 73. Ra6 Nf7 74. Rb6 Rg2 75. Ra6 Rf2 76. Kg4 Nh6+ 77. Kg3 Rb2 78. Ra7+ Kg6 79. Ra6+ Kg7 80. Ra7+ Nf7 81. Ra6 Kf8 82. Kg4 Ke7 83. Rc6 Rb4 84. Ra6 Rd4 85. Rb6 Ra4 86. Rb5 Ke6 87. Rh5 Kf6 88. Rf5+ Kg6 89. Rb5 Nh6+ 90. Kf3 Nf5 91. Rb6+ Kh5 92. Rb5 Kg6 93. Rb6+ Kf7 94. Kg4 Ne3+ 95. Kg5 Nd5 96. Rb7+ Ne7 97. Kg4 Ra6 98. Rc7 Kf6 99. Rb7 Nd5 100. Rb5 Ne3+ 101. Kf3 Nf5 102. Kg4 Nd6 103. Rd5 Ke6 104. Re5+ Kf6 105. Rd5 Nc4 106. Rf5+ Kg6 107. Rg5+ Kh6 108. Rh5+ Kg7 109. Rg5+ Kf6 110. Rf5+ Ke6 111. Kg5 Ra1 112. Rf6+ Ke7 113. Rc6 Rg1+ 114. Kf5 Nd6+ 115. Ke5 Re1+ 116. Kd5 Ne8 117. Ra6 Nf6+ 118. Kd4 Re4+ 119. Kd3 Rxf4 120. Ke3 Rh4 121. Kf3 Kf7 122. Ke3 Kg6 123. Kd3 Kf5 124. Ke3 Nd5+ 125. Ke2 Rh3 126. Ra8 Ke5 127. Re8+ Kd4 128. Ra8 Re3+ 129. Kf2 Re7 130. Ra4+ Kd3 131. Ra8 Rf7+ 132. Kg3 Ke4 133. Ra4+ Ke5 134. Ra8 Nc3 135. Ra5+ Kd4 136. Ra8 Ke3 137. Ra3 Rg7+ 138. Kh4 Kf4 139. Kh5 Ne4 140. Ra8 Rg1 141. Rf8+ Ke5 142. Kh4 Ng3 143. Kh3 Nf5 144. Ra8 Kf4 145. Rf8 Rg3+ 146. Kh2 Rg5 147. Ra8 Kf3 148. Rf8 Kf2 149. Kh3 Rg3+ 150. Kh2 Rf3 151. Rg8 Ne3 152. Rh8 Ng4+ 153. Kh1 Kf1 154. Rh4 Rg3 155. Rh8 Rg1# 0-1

[Event "POL-chT 2nd League"]
[Site "Poronin"]
[Date "2020.09.11"]
[Round "7.8"]
[White "Brzezinski, Mateusz"]
[Black "Kumala, Aleksander"]
[Result "1/2-1/2"]
[WhiteElo "2230"]
[BlackElo "2176"]
[PlyCount "24"]
[EventDate "2020.09.05"]
[EventType "team-swiss"]
[EventRounds "9"]
[EventCountry "POL"]
[SourceTitle "CBM 198 Extra"]
[Source "ChessBase"]
[SourceDate "2020.11.30"]
[SourceVersion "1"]
[SourceVersionDate "2020.11.30"]
[SourceQuality "1"]
[WhiteTeam "Bydgoszcz Hetman"]
[BlackTeam "Debica Gryf"]
[WhiteTeamCountry "POL"]
[BlackTeamCountry "POL"]

1. d4 Nf6 2. Bg5 d5 3. Bxf6 gxf6 4. e3 c5 5. dxc5 Nc6 6. Nf3 e5 7. c4 Be6 8. cxd5 Qxd5 9. Qxd5 Bxd5 10. Nc3 Bxf3 11. gxf3 Bxc5 12. Bb5 Bb4 1/2-1/2

[Event "POL-chT 2nd League"]
[Site "Poronin"]
[Date "2020.09.10"]
[Round "6.10"]
[White "Chojnacki, Krzysztof"]
[Black "Brzezinski, Mateusz"]
[Result "1/2-1/2"]
[WhiteElo "2391"]
[BlackElo "2230"]
[PlyCount "44"]
[EventDate "2020.09.05"]
[EventType "team-swiss"]
[EventRounds "9"]
[EventCountry "POL"]
[SourceTitle "CBM 198 Extra"]
[Source "ChessBase"]
[SourceDate "2020.11.30"]
[SourceVersion "1"]
[SourceVersionDate "2020.11.30"]
[SourceQuality "1"]
[WhiteTeam "Chrobry Gniezno"]
[BlackTeam "Bydgoszcz Hetman"]
[WhiteTeamCountry "POL"]
[BlackTeamCountry "POL"]

1. d4 Nf6 2. c4 g6 3. Nc3 d5 4. cxd5 Nxd5 5. Bd2 Nb6 6. Bg5 Bg7 7. Nf3 c5 8. dxc5 Bxc3+ 9. bxc3 Qxd1+ 10. Rxd1 Na4 11. Rc1 Nxc5 12. Nd4 Bd7 13. g3 Nc6 14. Bg2 Rc8 15. Nb3 Na4 16. h4 h6 17. Be3 b6 18. h5 g5 19. f4 gxf4 20. Bxf4 f6 21. Kf2 e5 22. Be3 Ke7 1/2-1/2

[Event "POL-chT 2nd League"]
[Site "Poronin"]
[Date "2020.09.09"]
[Round "5.10"]
[White "Brzezinski, Mateusz"]
[Black "Marczuk, Dominik"]
[Result "0-1"]
[WhiteElo "2230"]
[BlackElo "2305"]
[PlyCount "112"]
[EventDate "2020.09.05"]
[EventType "team-swiss"]
[EventRounds "9"]
[EventCountry "POL"]
[SourceTitle "CBM 198 Extra"]
[Source "ChessBase"]
[SourceDate "2020.11.30"]
[SourceVersion "1"]
[SourceVersionDate "2020.11.30"]
[SourceQuality "1"]
[WhiteTeam "Bydgoszcz Hetman"]
[BlackTeam "Krakow Klub Szachistow"]
[WhiteTeamCountry "POL"]
[BlackTeamCountry "POL"]

1. d4 f5 2. Qd3 d5 3. g4 g6 4. gxf5 Bxf5 5. Qb5+ Nc6 6. Nf3 Qd7 7. Nc3 0-0-0 8. Bf4 Bg7 9. 0-0-0 Bxc2 10. Ne5 Bxe5 11. Bxe5 Nxe5 12. Kxc2 Qxb5 13. Nxb5 Nc6 14. Nc3 e5 15. dxe5 d4 16. Ne4 Nxe5 17. e3 Ne7 18. Rxd4 Rxd4 19. exd4 N5c6 20. Bh3+ Kb8 21. Rd1 Rd8 22. Nf6 Nxd4+ 23. Kb1 Nec6 24. Nxh7 Rh8 25. Ng5 Rh5 26. f4 a5 27. Rd2 Rh4 28. Rf2 Nb4 29. b3 Nd5 30. Bf1 Nxf4 31. Nf3 Nxf3 32. Rxf3 g5 33. h3 Rh6 34. Kc2 Ka7 35. Kd2 Kb6 36. Ke3 Re6+ 37. Kf2 Re4 38. Rg3 Re5 39. Re3 Rf5 40. Rf3 a4 41. bxa4 Ka5 42. Kg3 Nh5+ 43. Kg4 Rxf3 44. Kxf3 Nf6 45. Ke3 c5 46. Bb5 Kb4 47. Kd3 b6 48. Bc6 Nh5 49. Bd7 c4+ 50. Kc2 Nf4 51. a3+ Kc5 52. Kc3 Nd5+ 53. Kd2 Kd4 54. Bf5 Ne3 55. Bg6 c3+ 56. Kc1 Nc4 0-1

[Event "POL-chT 2nd League"]
[Site "Poronin"]
[Date "2020.09.07"]
[Round "3.18"]
[White "Brzezinski, Mateusz"]
[Black "Kosiorek, Marek"]
[Result "0-1"]
[WhiteElo "2230"]
[BlackElo "2223"]
[PlyCount "84"]
[EventDate "2020.09.05"]
[EventType "team-swiss"]
[EventRounds "9"]
[EventCountry "POL"]
[SourceTitle "CBM 198 Extra"]
[Source "ChessBase"]
[SourceDate "2020.11.30"]
[SourceVersion "1"]
[SourceVersionDate "2020.11.30"]
[SourceQuality "1"]
[WhiteTeam "Bydgoszcz Hetman"]
[BlackTeam "Siedlce KSz Skoczek"]
[WhiteTeamCountry "POL"]
[BlackTeamCountry "POL"]

1. d4 d5 2. Nf3 Nf6 3. Bg5 e6 4. e3 c5 5. Be2 Qb6 6. Bxf6 gxf6 7. b3 cxd4 8. Qxd4 Bg7 9. Qxb6 axb6 10. a4 f5 11. Nd4 f4 12. Na3 fxe3 13. fxe3 Ke7 14. Nab5 Na6 15. 0-0 Bd7 16. c3 Nc5 17. Ra3 Bh6 18. Rf3 e5 19. Nc7 exd4 20. exd4 Ne4 21. Nxd5+ Kd6 22. Nxb6 Bg4 23. Nxa8 Rxa8 24. Ra2 Bxf3 25. Bxf3 Nxc3 26. Rc2 Be3+ 27. Kf1 Bxd4 28. Rd2 Ke5 29. Bxb7 Rb8 30. Bc6 Rxb3 31. g3 Ra3 32. Kg2 Nxa4 33. Re2+ Kd6 34. Re4 Ra2+ 35. Kh3 Kxc6 36. Rxd4 Nc5 37. Kg4 Rxh2 38. Rf4 Nd7 39. Kg5 f6+ 40. Kf5 Re2 41. Rh4 Re5+ 42. Kf4 h5 0-1